Basic Electrical Engineering (Record no. 8071)

MARC details
000 -LEADER
fixed length control field 00295nam a2200121Ia 4500
008 - FIXED-LENGTH DATA ELEMENTS--GENERAL INFORMATION
fixed length control field 191201s2012 xx 000 0 und d
100 ## - MAIN ENTRY--PERSONAL NAME
Personal name MEHTA, VK
245 #0 - TITLE STATEMENT
Title Basic Electrical Engineering
250 ## - EDITION STATEMENT
Edition statement Rep
260 ## - PUBLICATION, DISTRIBUTION, ETC. (IMPRINT)
Date of publication, distribution, etc 2012
Name of publisher, distributor, etc S Chand and Co. Ltd.
Place of publication, distribution, etc NEW DELHI
300 ## - PHYSICAL DESCRIPTION
Extent 989
942 ## - ADDED ENTRY ELEMENTS (KOHA)
Source of classification or shelving scheme Dewey Decimal Classification
Koha item type Text Books
Holdings
Withdrawn status Lost status Source of classification or shelving scheme Damaged status Not for loan Collection code Home library Current library Date acquired Source of acquisition Cost, normal purchase price Bill Number Total Checkouts Full call number Acc. no. / Barcode Date last seen Bill Date Koha item type Date last borrowed
    Dewey Decimal Classification     Diploma in Mechanical PIET C-LIBRARY PIET C-LIBRARY 16/07/2012 IBH, New Delhi 425.00 5749   621.3 MEB DE340 04/12/2019 16/07/2012 Text Books  
    Dewey Decimal Classification     Diploma in Mechanical PIET C-LIBRARY PIET C-LIBRARY 16/07/2012 IBH, New Delhi 425.00 5749 3 621.3 MEB DE341 01/02/2024 16/07/2012 Text Books 29/01/2024
    Dewey Decimal Classification     Diploma in Mechanical PIET C-LIBRARY PIET C-LIBRARY 16/07/2012 IBH, New Delhi 425.00 5749 2 621.3 MEB DE342 16/11/2023 16/07/2012 Text Books 03/11/2023
    Dewey Decimal Classification     Diploma in Mechanical PIET C-LIBRARY PIET C-LIBRARY 15/05/2013 IBH, New Delhi 425.00 1514   621.3 MEB DE983 04/12/2019 15/05/2013 Text Books  
    Dewey Decimal Classification     Diploma in Mechanical PIET C-LIBRARY PIET C-LIBRARY 15/05/2013 IBH, New Delhi 425.00 1514   621.3 MEB DE984 04/12/2019 15/05/2013 Text Books  

Design & Developed by: PIET Central Library
R70 Miles Stone Pattikalyana Samalkha Panipat 132102
mail ID :- [email protected], Phone No:- 0180-2569700 Ex.216